[Event "POL-chT3"]
[Site "Jastrzebia Gora POL"]
[Date "2015.??.??"]
[Round "1.26"]
[White "Krainski, Aleksander"]
[Black "Meczynski, Waldemar"]
[Result "1-0"]
[WhiteElo "2134"]
[BlackElo "2106"]
[EventDate "2015.??.??"]
[WhiteTitle "FM"]
[BlackTitle "k"]

1.d4 Nf6 2.Nf3 e6 3.e3 d5 4.Bd3 c5 5.c3 Nc6 6.O-O Ne4 7.c4 f5 8.Nc3 Bd6 9.
cxd5 exd5 10.dxc5 Bxc5 11.Qb3 Nxc3 12.Qxc3 Qe7 13.Bd2 O-O 14.Rac1 Bb6 15.
b4 a6 16.a4 a5 17.b5 Nb4 18.Bb1 Be6 19.Nd4 Kh8 20.Qb2 Rae8 21.Nxe6 Qxe6 
22.Bxb4 axb4 23.Qxb4 f4 24.a5 Ba7 25.exf4 Qg4 26.Rce1 h5 27.Re5 h4 28.h3 
Qc8 29.Rh5+ Kg8 30.Bh7+ Kf7 31.Rf5+ 1-0

[Event "POL-chT3"]
[Site "Jastrzebia Gora POL"]
[Date "2015.??.??"]
[Round "1.27"]
[White "Swiatnicki, Andrzej"]
[Black "Karpus, Michal"]
[Result "0-1"]
[WhiteElo "2109"]
[BlackElo "2303"]
[EventDate "2015.??.??"]
[WhiteTitle "k"]
[BlackTitle "FM"]

1.d4 Nf6 2.Nc3 d5 3.Bg5 h6 4.Bxf6 exf6 5.Nf3 Bb4 6.e3 c5 7.Bb5+ Bd7 8.O-O 
Bxc3 9.Bxd7+ Nxd7 10.bxc3 O-O 11.Rb1 Qc7 12.dxc5 Nxc5 13.Qxd5 b6 14.Qc4 
Rac8 15.Rfd1 Ne6 16.Qa6 Qe7 17.c4 Rc5 18.Rd5 Nc7 19.Qa3 Nxd5 20.cxd5 Qd7 
21.e4 Re8 22.Qd3 f5 23.Re1 fxe4 24.Rxe4 Rxe4 25.Qxe4 Rxd5 26.g4 f5 27.Qc4 
b5 28.Qb3 fxg4 29.Ne5 Qe6 30.Nd3 Kh8 31.Qa3 a6 32.Qf8+ Kh7 33.Qa8 Rf5 34.
a3 Rf6 35.Qb8 Qd6 36.Qe8 Qxa3 37.Qe4+ Kg8 38.Qxg4 Qd6 39.Kf1 a5 40.f4 a4 
41.Ke2 Qe6+ 0-1

[Event "POL-chT3"]
[Site "Jastrzebia Gora POL"]
[Date "2015.??.??"]
[Round "1.28"]
[White "Karbowiak, Adam"]
[Black "Walaszczyk, Witold"]
[Result "0-1"]
[WhiteElo "2153"]
[BlackElo "2143"]
[EventDate "2015.??.??"]
[WhiteTitle "k+"]
[BlackTitle "k"]

1.Nf3 d5 2.g3 Nf6 3.Bg2 Bf5 4.O-O e6 5.d3 Be7 6.c4 c6 7.Be3 O-O 8.Nc3 Bg4 
9.Qb3 b6 10.cxd5 exd5 11.Ne5 Be6 12.d4 Ng4 13.Nxg4 Bxg4 14.Rac1 Qd7 15.
Rfd1 Bd6 16.a3 b5 17.f3 Bh3 18.Bf2 Bxg2 19.Kxg2 a5 20.e4 b4 21.Na4 bxa3 
22.bxa3 dxe4 23.fxe4 Qe7 24.Re1 Bxa3 25.Rc4 Bb4 26.Re3 Qe6 27.Kg1 Nd7 28.
d5 cxd5 29.exd5 Qf6 30.Kg2 Rac8 31.Nb2 Qf5 32.Rf3 Qb1 33.Bd4 Qe4 34.Nd3 
Rxc4 35.Qxc4 Nb6 36.Nf2 Qxf3+ 0-1

[Event "POL-chT3"]
[Site "Jastrzebia Gora POL"]
[Date "2015.??.??"]
[Round "1.29"]
[White "Smolenska, Olga"]
[Black "Krainski, Slawomir"]
[Result "1-0"]
[WhiteElo "1907"]
[BlackElo "2124"]
[EventDate "2015.??.??"]
[WhiteTitle "I"]
[BlackTitle "k"]

1.e4 e5 2.d4 exd4 3.Nf3 Nc6 4.Nxd4 Bb4+ 5.c3 Bc5 6.Be3 Bb6 7.Bc4 Nf6 8.Nd2
O-O 9.O-O d5 10.exd5 Nxd4 11.cxd4 Nxd5 12.Qh5 Be6 13.Rac1 c6 14.Bg5 Nf6 
15.Qh4 Qxd4 16.Bxf6 Qxf6 17.Qxf6 gxf6 18.Rfe1 Ba5 19.Re2 Rfd8 20.Bxe6 Bxd2
21.Rd1 fxe6 22.Rexd2 Rd5 23.g3 Rad8 24.Rxd5 exd5 25.Kg2 Re8 26.Kf3 Re4 27.
Rd3 Kf7 28.Ra3 a6 29.Rb3 Re7 30.Rb6 Ke6 31.Ke3 Kd6+ 32.Kd3 Kc5 33.Rb3 b5 
34.Rc3+ Kb6 35.b4 Re4 36.a3 Rc4 37.Rb3 a5 38.Kd2 axb4 39.axb4 h5 40.h4 f5 
41.Rf3 Rxb4 42.Rxf5 Kc5 43.Rxh5 Kd4 44.Rf5 Rb2+ 45.Kc1 Re2 46.h5 b4 47.h6 
c5 48.h7 Re8 49.Rh5 Rh8 50.g4 c4 51.g5 c3 52.g6 b3 53.g7 Ra8 54.Rxd5+ Kc4 
55.Ra5 1-0

[Event "POL-chT3"]
[Site "Jastrzebia Gora POL"]
[Date "2015.??.??"]
[Round "1.30"]
[White "Pacuszka, Wioletta"]
[Black "Bukowska, Katarzyna"]
[Result "1/2-1/2"]
[WhiteElo "1943"]
[BlackElo "1923"]
[EventDate "2015.??.??"]
[WhiteTitle "I+"]
[BlackTitle "k++"]

1.e4 e5 2.Nf3 Nc6 3.Bc4 Nf6 4.d3 Be7 5.O-O O-O 6.a4 d5 7.exd5 Nxd5 8.Re1 
Bf6 9.Nbd2 Bg4 10.a5 a6 11.c3 Nf4 12.Ne4 Ng6 13.h3 Bf5 14.Qb3 Bxe4 15.dxe4
Rb8 16.Be3 Qe7 17.Red1 Nf4 18.Rd2 g6 19.Qa4 Rfd8 20.Rad1 Rxd2 21.Rxd2 Rd8 
22.Bxa6 Nxa5 23.Bb5 b6 24.Qd1 Rxd2 25.Qxd2 Ne6 26.Qd5 Nd8 27.b4 Nab7 28.
Bh6 Qd6 29.Bc4 Qxd5 30.Bxd5 Nd6 31.Nd2 c6 32.Bb3 b5 33.Be3 N8b7 34.Kf1 Kf8
35.Ke2 Ke7 36.g3 Bg7 37.Kd3 f5 38.f3 Nd8 39.Bg5+ Bf6 40.Be3 Ne6 41.Bd1 Ng5
42.h4 Ne6 43.Bf2 Bg7 44.Be3 f4 45.Bf2 fxg3 46.Bxg3 Nf4+ 47.Ke3 Bh6 48.Kf2 
Nh3+ 49.Ke1 Kf6 50.Be2 Nf4 51.Bd1 g5 52.Kf1 Ng6 53.hxg5+ Bxg5 54.Nb3 h5 
55.Nc5 Bd2 56.Be1 Be3 57.Nd3 Bg5 58.Bb3 Nf4 59.Nxf4 Bxf4 60.Kg2 Nc4 61.Kh3
Bc1 62.Kh4 Kg6 63.Bg3 Bg5+ 64.Kh3 Kf6 65.Be1 Nd2 66.Bd1 Nb1 67.Bc2 Nd2 68.
Bd1 Nc4 69.Bc2 Nd6 70.Bb3 Nc8 71.c4 Nd6 72.cxb5 Nxb5 73.Bc4 Nd4 74.Kg2 Nc2
75.Bf2 Nxb4 76.Bc5 Nc2 77.Ba6 Be3 78.Bf8 c5 79.Kg3 Bd4 80.Kh4 Kg6 81.Bb5 
Kf7 82.Bd6 Ke6 83.Bc7 Ne3 84.Kxh5 c4 85.f4 c3 86.f5+ Nxf5 87.exf5+ Kxf5 
88.Bd3+ e4 89.Bc2 Be5 90.Ba5 Kf4 91.Bxc3 Bxc3 92.Bxe4 Kxe4 1/2-1/2

[Event "POL-chT3"]
[Site "Jastrzebia Gora POL"]
[Date "2015.??.??"]
[Round "1.31"]
[White "Janaszak, Dawid"]
[Black "Jurkiewicz, Krzysztof"]
[Result "1-0"]
[WhiteElo "2373"]
[BlackElo "2299"]
[EventDate "2015.??.??"]
[WhiteTitle "FM"]
[BlackTitle "m"]

1.c4 e5 2.Nc3 g6 3.g3 Bg7 4.Bg2 Ne7 5.Nf3 c5 6.Rb1 Nbc6 7.d3 O-O 8.a3 a5 
9.O-O d6 10.Bd2 h6 11.Ne1 Be6 12.Nc2 d5 13.cxd5 Nxd5 14.Ne3 Nde7 15.Na4 b6
16.b4 cxb4 17.axb4 Ra7 18.bxa5 bxa5 19.Nc5 Bd5 20.Nxd5 Nxd5 21.Qa4 Nd4 22.
Rfe1 Nb6 23.Qa2 Qe7 24.e3 Nf5 25.Rxb6 Qxc5 26.Rxg6 Ne7 27.Rg4 Kh7 28.Ra4 
f5 29.Rxa5 Rxa5 30.Bxa5 Qd6 31.Qd2 Nc6 32.Bc3 Rd8 33.Rd1 Ne7 34.Bb4 Qe6 
35.Bh3 Nd5 36.e4 1-0

[Event "POL-chT3"]
[Site "Jastrzebia Gora POL"]
[Date "2015.??.??"]
[Round "1.32"]
[White "Zaleski, Lukasz"]
[Black "Maciejczak, Jakub"]
[Result "1/2-1/2"]
[WhiteElo "2052"]
[BlackElo "2355"]
[EventDate "2015.??.??"]
[WhiteTitle "k"]
[BlackTitle "FM"]

1.e4 c6 2.d4 g6 3.Be3 Bg7 4.c3 d6 5.Nd2 Nf6 6.h3 Nbd7 7.Ngf3 Qc7 8.Bd3 O-O
9.Nf1 b5 10.Ng3 Nb6 11.b3 a6 12.Qd2 Re8 13.a4 bxa4 14.bxa4 a5 15.Qe2 Bd7 
16.O-O c5 17.Bb5 Bxb5 18.Qxb5 Nfd7 19.Rfb1 Reb8 20.Qd3 cxd4 21.cxd4 Qc4 
22.Qa3 Qa6 23.Rb5 Nc4 24.Qb3 Nxe3 25.fxe3 Bh6 26.Qd3 Rxb5 27.axb5 Qb7 28.
Nd2 a4 29.Kf2 Ra5 30.Qc4 Rxb5 31.Qxa4 Nf6 32.Qa8+ Qxa8 33.Rxa8+ Kg7 34.Ra7
Bg5 35.Ra2 h5 36.Ne2 e5 37.Nc3 Rb8 38.dxe5 dxe5 39.Nf3 Bh6 40.Nxe5 Re8 41.
Ra5 Re7 42.Kf3 Nh7 43.Nc6 Rc7 44.Rc5 Ng5+ 45.Ke2 Rb7 46.Rd5 Rb3 47.Rd3 
Rb2+ 48.Rd2 Rb3 49.Rd3 Rb2+ 50.Kf1 Ne6 51.Nd1 Ra2 52.Rd5 Ra1 53.Ke2 Ra2+ 
54.Rd2 Ra3 55.h4 Ra4 56.Nd4 Nc5 57.Kf3 Ra3 58.Nc2 Ra4 59.Rd4 Ra2 60.Nb4 
Ra3 61.Rd5 Ne6 62.Nc2 Rb3 63.Nd4 Nxd4+ 64.Rxd4 Ra3 65.e5 Kf8 66.Ke4 Ra2 
67.g3 Rg2 68.Kf3 Rc2 69.Rd6 Bg7 70.Kf4 Rc5 71.Rd8+ Ke7 72.Ra8 1/2-1/2

[Event "POL-chT3"]
[Site "Jastrzebia Gora POL"]
[Date "2015.??.??"]
[Round "1.33"]
[White "Dudzinski, Pawel"]
[Black "Bugalski, Michal"]
[Result "0-1"]
[WhiteElo "2261"]
[BlackElo "2162"]
[EventDate "2015.??.??"]
[WhiteTitle "FM"]
[BlackTitle "k"]

1.e4 e6 2.d4 d5 3.Nd2 Nf6 4.e5 Nfd7 5.Bd3 c5 6.c3 Nc6 7.Ne2 cxd4 8.cxd4 f6
9.exf6 Nxf6 10.Nf3 Bd6 11.O-O Qc7 12.Nc3 a6 13.Re1 O-O 14.h3 Bd7 15.Be3 
Rae8 16.Rc1 Qb8 17.Na4 e5 18.dxe5 Nxe5 19.Nxe5 Bxe5 20.Nc5 Bc6 21.Nxa6 Qa8
22.Nb4 Bxb2 23.Rb1 Bc3 24.Re2 Ba4 25.Bc2 Bxc2 26.Rxc2 d4 27.Rxc3 dxc3 28.
Qb3+ Kh8 29.Qxc3 Qd8 30.Qb3 Qd7 31.Nd3 Qf5 32.Nf4 Ne4 33.Qxb7 Nxf2 34.Bxf2
Qxf4 35.Rf1 Re2 36.Qa7 h6 37.a4 Rf7 38.Qd4 Qxd4 39.Bxd4 Rxf1+ 40.Kxf1 Ra2 
41.Be3 Kh7 42.a5 Rxa5 43.Kf2 Kg6 44.Bd4 Ra4 45.Be5 Ra7 46.Bd6 Kf5 47.Kf3 
Rb7 48.Kf2 Ke4 49.Bc5 Rf7+ 50.Kg3 Rf5 51.Bb6 Rb5 52.Ba7 g6 53.Kf2 Rf5+ 54.
Kg3 Kd3 55.Kg4 Ke2 56.g3 Ra5 57.Bb8 Ra4+ 58.Bf4 g5 0-1

[Event "POL-chT3"]
[Site "Jastrzebia Gora POL"]
[Date "2015.??.??"]
[Round "1.34"]
[White "Zielinski, Wojciech"]
[Black "Michalski, Filip"]
[Result "1/2-1/2"]
[WhiteElo "2187"]
[BlackElo "2176"]
[EventDate "2015.??.??"]
[WhiteTitle "I++"]
[BlackTitle "I"]

1.e4 e6 2.d4 d5 3.Nd2 Be7 4.c3 c5 5.dxc5 Nf6 6.exd5 Qxd5 7.Nb3 Qxd1+ 8.
Kxd1 O-O 9.f3 Rd8+ 10.Ke1 Nd5 11.Bc4 a5 12.a4 Na6 13.Bxd5 Rxd5 14.Be3 Nxc5
15.Bxc5 Bxc5 16.Nxc5 Rxc5 17.Rd1 Kf8 18.Ne2 b5 19.Rd4 bxa4 20.Rxa4 Rb8 21.
Ra2 e5 22.b4 axb4 23.cxb4 Rxb4 24.Kf2 Be6 25.Rd2 Rbc4 26.Rb1 g6 27.Rb8+ 
Kg7 28.Rbb2 Ra5 29.Rb1 Ra3 30.Ng3 Rca4 31.Rbb2 Ra2 32.Ne4 Rxb2 33.Rxb2 Ra5
34.Ke3 Ra3+ 35.Kf2 Bd5 36.Re2 Bxe4 37.Rxe4 Kf6 38.f4 exf4 39.Rxf4+ Kg7 40.
Rb4 g5 41.h4 Kg6 42.hxg5 Kxg5 43.Rb7 Kg6 44.Rb6+ f6 45.Rb4 h5 46.Rb5 h4 
47.Rb8 h3 48.gxh3 Rxh3 49.Rg8+ Kf5 50.Ra8 Rb3 51.Ra4 Kg5 52.Rc4 f5 53.Ra4 
Rb5 54.Rc4 Rb6 55.Ra4 f4 56.Ra8 Re6 57.Kf3 Re3+ 58.Kf2 Re5 59.Kf3 Kg4 
1/2-1/2

[Event "POL-chT3"]
[Site "Jastrzebia Gora POL"]
[Date "2015.??.??"]
[Round "1.35"]
[White "Ziabek, Patryk"]
[Black "Grota, Mateusz"]
[Result "1-0"]
[WhiteElo "2038"]
[BlackElo "1890"]
[EventDate "2015.??.??"]
[WhiteTitle "I+"]
[BlackTitle "I"]

1.e4 e5 2.Nf3 Nc6 3.Bb5 a6 4.Ba4 Nf6 5.O-O d6 6.Re1 b5 7.Bb3 Be7 8.c3 Na5 
9.Bc2 c5 10.h3 O-O 11.d4 Qc7 12.d5 Bd7 13.Nbd2 Nb7 14.Nf1 Ne8 15.g4 Nd8 
16.Ng3 g6 17.Kh2 Ng7 18.Rg1 f6 19.Be3 Nf7 20.Rg2 Kh8 21.Qd2 Qb7 22.Rag1 
Qc8 23.Bh6 Rg8 24.Nh4 Ne8 25.Nhf5 gxf5 26.gxf5 Nxh6 27.Qxh6 Bf8 28.Qh4 Qd8
29.Bd1 Qe7 30.Bh5 Rg7 31.Bg6 Kg8 32.Nh5 hxg6 33.Rxg6 Ra7 34.Nxg7 Bxg7 35.
Rh6 Qf8 36.Qh5 Qe7 1-0

[Event "POL-chT3"]
[Site "Jastrzebia Gora POL"]
[Date "2015.??.??"]
[Round "1.36"]
[White "Cichocka, Urszula"]
[Black "Magnucka, Milena"]
[Result "0-1"]
[WhiteElo "1697"]
[BlackElo "1950"]
[EventDate "2015.??.??"]
[WhiteTitle "I++"]
[BlackTitle "WFM"]

1.e4 c5 2.Nf3 d6 3.d4 cxd4 4.Nxd4 Nf6 5.Bd3 e5 6.Nb3 Be6 7.c4 Be7 8.Nc3 
O-O 9.O-O Nbd7 10.f3 Rc8 11.Nd5 Bxd5 12.exd5 Nh5 13.Re1 Bg5 14.Bf5 Rc7 15.
Bg4 Bxc1 16.Rxc1 Nf4 17.Bxd7 Qxd7 18.g3 Ng6 19.Qd3 b6 20.Nd2 f5 21.b4 Rfc8
22.Kg2 Qf7 23.Nb3 Rd7 24.Red1 Rcd8 25.a4 h5 26.a5 f4 27.axb6 axb6 28.Qe4 
fxg3 29.hxg3 h4 30.g4 Nf4+ 31.Kh2 Ra8 32.Rc2 Ra3 33.Qe3 Rda7 34.Rdd2 R7a4 
35.c5 bxc5 36.bxc5 Nxd5 37.Qd3 Nb4 38.Qxd6 Nxc2 39.Qd8+ Qf8 40.Qxh4 Qf4+ 
41.Kg1 Ra1+ 42.Kg2 Ne3+ 43.Kf2 Rf1+ 44.Ke2 Qxf3+ 45.Kd3 Nd5+ 46.Kc2 Ra2# 
0-1

[Event "POL-chT3"]
[Site "Jastrzebia Gora POL"]
[Date "2015.??.??"]
[Round "1.37"]
[White "Maciol, Ryszard"]
[Black "Gumularz, Szymon"]
[Result "0-1"]
[WhiteElo "2205"]
[BlackElo "2239"]
[EventDate "2015.??.??"]
[WhiteTitle "k"]
[BlackTitle "I++"]

1.d4 d6 2.e4 Nf6 3.f3 e5 4.Ne2 c6 5.Nbc3 Nbd7 6.Be3 b5 7.Qd2 Qc7 8.Ng3 Nb6
9.Be2 Be7 10.O-O O-O 11.Rae1 b4 12.Nd1 exd4 13.Bxd4 c5 14.Bf2 d5 15.exd5 
Nbxd5 16.Bc4 Be6 17.Ne4 Rad8 18.Bg3 Qc6 19.Qf2 Nxe4 20.fxe4 Nf6 21.Bxe6 
Qxe6 22.e5 Nd5 23.Qe2 Nb6 24.Ne3 f5 25.exf6 Bxf6 26.Nf5 Qxe2 27.Rxe2 Rd7 
28.c3 bxc3 29.bxc3 g6 30.Nh6+ Kg7 31.Rxf6 Rxf6 32.Be5 Rd1+ 0-1

[Event "POL-chT3"]
[Site "Jastrzebia Gora POL"]
[Date "2015.??.??"]
[Round "1.38"]
[White "Piotrowski, Przemyslaw"]
[Black "Fudalej, Michal"]
[Result "1-0"]
[WhiteElo "2193"]
[BlackElo "2215"]
[EventDate "2015.??.??"]
[WhiteTitle "k"]
[BlackTitle "FM"]

1.d4 Nf6 2.Nf3 g6 3.g3 Bg7 4.Bg2 d6 5.O-O O-O 6.c4 c6 7.Nc3 Qa5 8.e4 e5 9.
h3 Re8 10.Be3 Nbd7 11.Qc2 a6 12.a4 Nf8 13.Rfc1 Ne6 14.b4 Qxb4 15.Rab1 Qa5 
16.dxe5 Nd7 17.exd6 Ne5 18.Nxe5 Qxe5 19.Qd2 Rd8 20.c5 Nxc5 21.f4 Nxe4 1-0

[Event "POL-chT3"]
[Site "Jastrzebia Gora POL"]
[Date "2015.??.??"]
[Round "1.39"]
[White "Rzepka, Krzysztof"]
[Black "Perdek, Miroslaw"]
[Result "0-1"]
[WhiteElo "2155"]
[BlackElo "2225"]
[EventDate "2015.??.??"]
[WhiteTitle "k"]
[BlackTitle "FM"]

1.d4 Nf6 2.Nf3 e6 3.Bf4 d5 4.e3 Bd6 5.Bxd6 Qxd6 6.Nbd2 O-O 7.Bd3 c5 8.c3 
Nc6 9.O-O e5 10.dxc5 Qxc5 11.e4 Bg4 12.exd5 Qxd5 13.Bc4 Qd7 14.Qe1 e4 15.
Nxe4 Bxf3 16.gxf3 Ne5 17.Nxf6+ gxf6 18.Qe4 Qh3 19.Be2 Rae8 20.Rae1 Re6 21.
Kh1 Ng6 22.Qxb7 Rxe2 0-1

[Event "POL-chT3"]
[Site "Jastrzebia Gora POL"]
[Date "2015.??.??"]
[Round "1.41"]
[White "Lozynski, Kamil"]
[Black "Kolasinski, Krzysztof"]
[Result "0-1"]
[WhiteElo "1903"]
[BlackElo "2087"]
[EventDate "2015.??.??"]
[WhiteTitle "I"]
[BlackTitle "I++"]

1.d4 Nf6 2.Nc3 d5 3.Bg5 Bf5 4.f3 Nbd7 5.e3 c6 6.Bd3 Bxd3 7.Qxd3 Qa5 8.Ne2 
e6 9.O-O Be7 10.Nc1 c5 11.Qb5 Qxb5 12.Nxb5 O-O 13.Nd3 a6 14.Nc3 cxd4 15.
exd4 Rac8 16.Rae1 h6 17.Bh4 b5 18.a3 Bxa3 19.Nxd5 Nxd5 20.bxa3 Rxc2 21.Nb4
Nxb4 22.axb4 Rfc8 23.Rb1 R8c4 24.Rfd1 Nb6 25.Be1 Nd5 26.Rd3 Nf4 27.Rd2 
Rxd2 28.Bxd2 Ne2+ 29.Kf1 Nxd4 30.Ra1 Nb3 0-1

[Event "POL-chT3"]
[Site "Jastrzebia Gora POL"]
[Date "2015.??.??"]
[Round "1.42"]
[White "Iwanow, Anna"]
[Black "Botor, Michalina"]
[Result "1-0"]
[WhiteElo "2312"]
[BlackElo "1813"]
[EventDate "2015.??.??"]
[WhiteTitle "WIM"]
[BlackTitle "I++"]

1.e4 c6 2.d4 d5 3.Nc3 dxe4 4.Nxe4 Bf5 5.Ng3 Bg6 6.h4 h6 7.Nf3 Nd7 8.h5 Bh7
9.Bd3 Bxd3 10.Qxd3 e6 11.Bd2 Qc7 12.O-O-O Ngf6 13.Ne4 O-O-O 14.Rh4 Nxe4 
15.Qxe4 Bd6 16.Qe2 Rhe8 17.Rg4 Rg8 18.c4 c5 19.Bc3 Nf6 20.Rh4 cxd4 21.Nxd4
a6 22.Nb3 Bf4+ 23.Kb1 Rxd1+ 24.Qxd1 Rd8 25.Qe2 Bg5 26.Rh1 Qc6 27.f3 Ne8 
28.c5 Bf6 29.Rc1 Qd5 30.Bxf6 Nxf6 31.c6 Qd3+ 32.Qxd3 Rxd3 33.cxb7+ 1-0

[Event "POL-chT3"]
[Site "Jastrzebia Gora POL"]
[Date "2015.??.??"]
[Round "1.43"]
[White "Hnydiuk, Aleksander"]
[Black "Teclaf, Pawel"]
[Result "1-0"]
[WhiteElo "2354"]
[BlackElo "2200"]
[EventDate "2015.??.??"]
[WhiteTitle "IM"]
[BlackTitle "CM"]

1.d4 d5 2.c4 c6 3.cxd5 cxd5 4.Bf4 Nc6 5.e3 Nf6 6.Nc3 a6 7.Bd3 Bg4 8.Nge2 
e6 9.O-O Bd6 10.f3 Bh5 11.Na4 Bg6 12.Nc5 Bxc5 13.dxc5 Nd7 14.Bd6 Bxd3 15.
Qxd3 Qa5 16.b4 Qxb4 17.Rab1 Nce5 18.Qc2 Qa3 19.Rb3 Qa5 20.Rxb7 Rc8 21.Qb2 
f6 22.Nd4 Nc4 23.Rxd7 Kxd7 24.Qb7+ Rc7 25.Bxc7 Qxc7 26.c6+ Kd6 27.Qb4+ Ke5
28.f4+ Ke4 29.Qb1+ Kxe3 30.Nc2+ Kd3 31.Nb4+ Kd4 32.Qd3+ Kc5 33.Nxa6+ Kxc6 
34.Nxc7 Kxc7 35.f5 Ne5 36.Rc1+ 1-0

[Event "POL-chT3"]
[Site "Jastrzebia Gora POL"]
[Date "2015.??.??"]
[Round "1.44"]
[White "Oszczanowski, Witold"]
[Black "Helis, Tadeusz"]
[Result "1-0"]
[WhiteElo "2086"]
[BlackElo "2228"]
[EventDate "2015.??.??"]
[WhiteTitle "k"]
[BlackTitle "FM"]

1.e4 c5 2.Nf3 Nc6 3.d4 cxd4 4.Nxd4 e5 5.Nb5 a6 6.Nd6+ Bxd6 7.Qxd6 Qf6 8.
Qxf6 Nxf6 9.Nc3 Nb4 10.Bd3 d6 11.Bg5 Be6 12.O-O-O Bxa2 13.b3 Ng4 14.Be3 
Nxe3 15.fxe3 Bxb3 16.cxb3 Rc8 17.Kb2 Ke7 18.Bc4 f6 19.Nd5+ Nxd5 20.Bxd5 
Rc7 21.Rc1 Kd8 22.Rc4 Rxc4 23.Bxc4 Kc7 24.b4 Rd8 25.b5 a5 26.Kb3 Kb6 27.
Rd1 Kc5 28.Rc1 Kb6 29.Bd5 h6 30.Ka4 Re8 31.Rc2 Rd8 32.Be6 Re8 33.Bg4 Rf8 
34.Rd2 Rd8 35.Bf5 Kc5 36.Rd5+ Kb6 37.h4 Kc7 38.Kxa5 Ra8+ 39.Kb4 Ra2 40.g4 
h5 41.gxh5 Rb2+ 42.Kc4 Rc2+ 43.Kb3 Rh2 44.Rd1 Rxh4 45.Rg1 Rxh5 46.Rxg7+ 
Kb6 47.Kb4 Rh1 48.Be6 Rb1+ 49.Bb3 Re1 50.Rd7 Rxe3 51.Bd5 Ka7 52.Rxb7+ Ka8 
53.b6 1-0

[Event "POL-chT3"]
[Site "Jastrzebia Gora POL"]
[Date "2015.??.??"]
[Round "1.45"]
[White "Osipow, Nikolaj"]
[Black "Cajbel, Maciej"]
[Result "0-1"]
[WhiteElo "2117"]
[BlackElo "2189"]
[EventDate "2015.??.??"]
[WhiteTitle "k"]
[BlackTitle "k"]

1.c4 g6 2.Nc3 Bg7 3.g3 c5 4.Bg2 Nc6 5.d3 e5 6.a3 Nge7 7.Rb1 a5 8.e3 O-O 9.
Nge2 d6 10.O-O Be6 11.h3 d5 12.cxd5 Nxd5 13.Ne4 b6 14.f4 h6 15.fxe5 Nxe5 
16.d4 cxd4 17.Nxd4 Rc8 18.Nxe6 fxe6 19.Rxf8+ Qxf8 20.b4 axb4 21.axb4 Nc4 
22.Qb3 Be5 23.b5 Kh7 24.Qd3 Qd8 25.Qf1 Qc7 26.Qf3 Kg7 27.h4 Rf8 28.Qe2 Rd8
29.Kh2 Nc3 30.Nxc3 Bxc3 31.Qc2 Be5 32.Rb4 Rc8 33.Qf2 Nd6 34.Bb2 Nf5 35.Qf4
Bxb2 36.Rxb2 Qc3 37.Ra2 Qxe3 38.Ra7+ Kf6 39.Qxe3 Nxe3 40.Bc6 Ng4+ 41.Kg2 
Ne5 42.Ra8 Rxa8 43.Bxa8 Nc4 44.Kf3 Nd6 45.Bc6 Ke5 46.Ke3 Nf5+ 47.Kf2 g5 
48.hxg5 hxg5 49.Be8 Nd4 50.Kg2 0-1

[Event "POL-chT3"]
[Site "Jastrzebia Gora POL"]
[Date "2015.??.??"]
[Round "1.46"]
[White "Zareba, Radoslaw"]
[Black "Szmyd, Arkadiusz"]
[Result "1-0"]
[WhiteElo "2071"]
[BlackElo "2137"]
[EventDate "2015.??.??"]
[WhiteTitle "I"]
[BlackTitle "k"]

1.e4 d5 2.exd5 Qxd5 3.Nc3 Qa5 4.d4 Nf6 5.Nf3 c6 6.h3 Bf5 7.Bd3 Bxd3 8.Qxd3
e6 9.Bd2 Qa6 10.Ne5 Qxd3 11.Nxd3 Bd6 12.O-O-O Nbd7 13.g4 Bc7 14.g5 Nd5 15.
Ne4 Ne7 16.h4 Nf5 17.c3 O-O-O 18.h5 h6 19.Rde1 Rde8 20.Rh3 Bd8 21.Rf3 Bc7 
22.gxh6 gxh6 23.Ng3 Bxg3 24.fxg3 Rhg8 25.Bf4 Rg7 26.Nf2 Reg8 27.g4 Rxg4 
28.Nxg4 Rxg4 29.Rh1 Nb6 30.Bxh6 Nxh6 31.Rf6 Nf5 32.h6 Nxh6 33.Rhxh6 Rg7 
34.Rh8+ Kd7 35.Rb8 Rg1+ 36.Kc2 Rg2+ 37.Kb3 Ke7 38.Rf1 f5 39.Rxb7+ Kd6 40.
Rxa7 Nd5 41.a4 Ne3 42.Re1 Nd5 43.a5 f4 44.Rf7 Rg8 45.a6 Ra8 46.a7 Nc7 47.
Ra1 Nb5 48.Kc4 1-0

[Event "POL-chT3"]
[Site "Jastrzebia Gora POL"]
[Date "2015.??.??"]
[Round "1.47"]
[White "Knopik, Krzysztof"]
[Black "Mondrzycki, Bartlomiej"]
[Result "1/2-1/2"]
[WhiteElo "2150"]
[BlackElo "2082"]
[EventDate "2015.??.??"]
[WhiteTitle "k"]
[BlackTitle "I+"]

1.e4 b6 2.d4 Bb7 3.Nc3 e6 4.a3 Nf6 5.Bd3 Be7 6.Nf3 d5 7.Qe2 dxe4 8.Nxe4 
Nbd7 9.Bf4 O-O 10.Rd1 Nxe4 11.Bxe4 Bxe4 12.Qxe4 c5 13.O-O Qc8 14.Qe2 Bf6 
15.Be5 Rd8 16.h3 h6 17.dxc5 Nxe5 18.Nxe5 Qxc5 19.Nd7 Qe7 20.Nxf6+ Qxf6 21.
c3 Rxd1 22.Rxd1 Rd8 23.Rxd8+ Qxd8 24.Qb5 Kh7 25.Qa4 Qd2 26.Qe4+ Kg8 27.Qb1
e5 28.c4 a5 29.b3 Qc3 30.Qd1 Kh7 31.a4 e4 32.Qd5 Qc1+ 33.Kh2 Qf4+ 34.Kg1 
Qc1+ 35.Kh2 Qf4+ 36.Kg1 Qc1+ 37.Kh2 Qf4+ 38.Kg1 Qc1+ 39.Kh2 Qf4+ 40.Kg1 
Qc1+ 1/2-1/2

[Event "POL-chT3"]
[Site "Jastrzebia Gora POL"]
[Date "2015.??.??"]
[Round "1.48"]
[White "Zdziarska-zareba, Lidia"]
[Black "Gonsior, Monika"]
[Result "1/2-1/2"]
[WhiteElo "1913"]
[BlackElo "1952"]
[EventDate "2015.??.??"]
[WhiteTitle "k+"]
[BlackTitle "m"]

1.e4 e5 2.Nf3 Nc6 3.Bc4 Bc5 4.c3 Nf6 5.d3 d6 6.O-O Be6 7.Bb5 Bd7 8.Ba4 Bb6
9.h3 Ne7 10.Bc2 Ng6 11.d4 O-O 12.Nbd2 Re8 13.Re1 a6 14.Nf1 Qc8 15.Ng3 Nf4 
16.Bxf4 exf4 17.Ne2 Nh5 18.Qd2 Bxh3 19.Nxf4 Bg4 20.Nxh5 Bxh5 21.Qf4 Qg4 
22.Qxg4 Bxg4 23.Nd2 Be6 24.d5 Bd7 25.Nf3 Bg4 26.Nd4 Re7 27.Kf1 Rae8 28.Ba4
Bd7 29.Bc2 h5 30.Nf3 f6 31.Nd4 Kf7 32.a4 h4 33.Nf5 Bxf5 34.exf5 Re5 35.
Rxe5 fxe5 36.Re1 Kf6 37.f3 Rh8 38.Re2 Rh5 39.Re4 h3 40.gxh3 Rxf5 41.Kg2 
Rg5+ 42.Rg4 Be3 43.c4 1/2-1/2

[Event "POL-chT3"]
[Site "Jastrzebia Gora POL"]
[Date "2015.??.??"]
[Round "1.49"]
[White "Walter, Szymon"]
[Black "Janik, Igor"]
[Result "0-1"]
[WhiteElo "2214"]
[BlackElo "2387"]
[EventDate "2015.??.??"]
[WhiteTitle "k"]
[BlackTitle "I++"]

1.e4 c5 2.Nc3 Nc6 3.f4 g6 4.Nf3 Bg7 5.Bb5 Nd4 6.O-O a6 7.Bc4 b5 8.Bd5 Rb8 
9.d3 e6 10.Bb3 Ne7 11.e5 Nxf3+ 12.Qxf3 d5 13.exd6 Qxd6 14.Ne4 Qc7 15.Be3 
Bb7 16.Rad1 O-O 17.c4 Nf5 18.Bc1 bxc4 19.Bxc4 Nd6 20.Qe2 Nxc4 21.dxc4 Bxe4
22.Qxe4 Bxb2 23.Be3 Rfd8 24.g4 Bg7 25.h4 Re8 26.Rd2 Qa5 27.Rfd1 Qc3 28.
Bxc5 Rbc8 29.Qe3 Qxc4 30.Bd4 Bxd4 31.Qxd4 e5 32.fxe5 Qxd4+ 33.Rxd4 Rxe5 
34.R1d2 Rc3 35.Kg2 Rce3 36.Rf2 R3e4 37.Rxe4 Rxe4 38.Kg3 Kg7 39.g5 Re3+ 40.
Kg2 Ra3 41.Kh2 Re3 42.Kg2 a5 43.Rb2 h6 44.Kh2 hxg5 45.hxg5 a4 46.Rc2 a3 
47.Rd2 Re5 48.Rg2 Rb5 49.Kh3 Rb2 50.Rg4 Rxa2 51.Ra4 Ra1 52.Kg2 a2 53.Ra8 
Rb1 54.Rxa2 Rb5 55.Ra6 Rxg5+ 56.Kf3 Re5 57.Kf4 Re6 58.Ra7 Kf6 59.Ra5 Rb6 
0-1

[Event "POL-chT3"]
[Site "Jastrzebia Gora POL"]
[Date "2015.??.??"]
[Round "1.50"]
[White "Lisowski, Krzysztof"]
[Black "Zylka, Stanislaw"]
[Result "1/2-1/2"]
[WhiteElo "2137"]
[BlackElo "2213"]
[EventDate "2015.??.??"]
[WhiteTitle "k"]
[BlackTitle "k"]

1.e4 e5 2.Nf3 Nc6 3.Nc3 Nf6 4.Bb5 Bd6 5.d3 O-O 6.Ne2 Re8 7.Ng3 a6 8.Ba4 b5
9.Bb3 Na5 10.O-O Bb7 11.c3 Nxb3 12.Qxb3 h6 13.a4 Bf8 14.Re1 d5 15.axb5 
axb5 16.Rxa8 Qxa8 17.d4 exd4 18.e5 Ne4 19.cxd4 c5 20.Qxb5 c4 21.Nxe4 Bc6 
22.Nf6+ gxf6 23.Qb6 Rb8 24.Qc7 Rc8 25.Qb6 Rb8 26.Qc7 Rc8 27.Qb6 Rb8 
1/2-1/2

[Event "POL-chT3"]
[Site "Jastrzebia Gora POL"]
[Date "2015.??.??"]
[Round "1.51"]
[White "Kastelik, Adrian"]
[Black "Jedra, Waldemar"]
[Result "0-1"]
[WhiteElo "2135"]
[BlackElo "1986"]
[EventDate "2015.??.??"]
[WhiteTitle "I++"]
[BlackTitle "I"]

1.d4 Nf6 2.c4 e6 3.Nc3 Bb4 4.e3 c5 5.Ne2 cxd4 6.exd4 d5 7.a3 Be7 8.Nf4 O-O
9.cxd5 exd5 10.Bd3 Nc6 11.O-O Bd6 12.Bc2 Ne7 13.Nh5 Nxh5 14.Qxh5 g6 15.Qf3
Kg7 16.Kh1 Bd7 17.Nxd5 Nxd5 18.Qxd5 Bc6 19.Qg5 Be7 20.Qh6+ Kg8 21.Bd2 Bf6 
22.Bc3 Bd5 23.Qd2 Qd7 24.f3 h5 25.Rfe1 h4 26.Qf4 Kg7 27.Be4 Rad8 28.Rac1 
Rh8 29.Ba5 Rc8 30.Bc3 Rh5 31.Bxd5 Rxd5 32.Rcd1 Rd8 33.Re2 Qb5 34.Qe4 Re5 
35.dxe5 Rxd1+ 36.Be1 Bg5 37.h3 Bf4 38.a4 Qa6 39.b4 Bg3 40.Kg1 Qb6+ 41.Kh1 
Qc6 42.e6 Qxe4 43.Rxe4 fxe6 44.Rxe6 Rxe1+ 45.Rxe1 Bxe1 46.b5 Bf2 47.g4 
hxg3 0-1

[Event "POL-chT3"]
[Site "Jastrzebia Gora POL"]
[Date "2015.??.??"]
[Round "1.52"]
[White "Migala, Andrzej"]
[Black "Dzierzak, Radoslaw"]
[Result "0-1"]
[WhiteElo "1984"]
[BlackElo "2168"]
[EventDate "2015.??.??"]
[WhiteTitle "I++"]
[BlackTitle "I++"]

1.e4 c5 2.Nf3 e6 3.c3 d5 4.e5 d4 5.Bd3 Nc6 6.O-O Nge7 7.Na3 Ng6 8.Re1 Be7 
9.g3 a6 10.Nc2 dxc3 11.dxc3 Qc7 12.Qe2 b6 13.h4 Bb7 14.h5 Nf8 15.Bf4 Rg8 
16.Ne3 g5 17.hxg6 Nxg6 18.Ng2 h5 19.Bxg6 Rxg6 20.Nfh4 Rg4 21.Rad1 Rd8 22.
Kh2 Bxh4 23.Nxh4 Ne7 24.Rxd8+ Kxd8 25.Rd1+ Kc8 26.a3 Nd5 27.Ng2 Qe7 28.Bd2
Qf8 29.c4 Ne7 30.b4 Qg8 31.Ne3 Nf5 32.Nxf5 exf5 33.Qf1 h4 34.Qh3 Qd8 0-1